The Arab navigation / (Record no. 73379)
[ view plain ]
| 000 -LEADER | |
|---|---|
| fixed length control field | 00778nam a2200253 a 4500 |
| 001 - CONTROL NUMBER | |
| control field | 73379 |
| 003 - CONTROL NUMBER IDENTIFIER | |
| rucl marc code | BD-RjUL |
| 005 - DATE AND TIME OF LATEST TRANSACTION | |
| control field | 20211209082404.0 |
| 008 - FIXED-LENGTH DATA ELEMENTS--GENERAL INFORMATION | |
| fixed length control field | 170530s1966 pk b 000 0 eng |
| 020 ## - INTERNATIONAL STANDARD BOOK NUMBER | |
| Terms of availability | Rs20.00 |
| 035 ## - SYSTEM CONTROL NUMBER | |
| System control number | (BD-RjUL)73597 |
| 040 ## - CATALOGING SOURCE | |
| Original cataloging agency | DLC |
| Transcribing agency | DLC |
| Modifying agency | BD-RjUL |
| Language of cataloging | eng |
| 041 1# - LANGUAGE CODE | |
| Language code of text/sound track or separate title | engurd |
| 082 ## - DEWEY DECIMAL CLASSIFICATION NUMBER | |
| Edition number | 23 |
| Classification number | 629.045 |
| Author mark and year | NAA 1966 |
| 100 1# - MAIN ENTRY--PERSONAL NAME | |
| Personal name | Nadvī, Sayyid Sulaimān, |
| Dates associated with a name | -1953. |
| 9 (RLIN) | 217059 |
| 245 14 - TITLE STATEMENT | |
| Title | The Arab navigation / |
| Statement of responsibility, etc. | by Syed Sulaiman Nadvi ; translated by Syed ṢabāḥuddinʻAbdur Raḥmān. |
| 250 ## - EDITION STATEMENT | |
| Edition statement | 1st ed. |
| 260 ## - PUBLICATION, DISTRIBUTION, ETC. (IMPRINT) | |
| Place of publication, distribution, etc. | Lahore : |
| Name of publisher, distributor, etc. | Sh. Muhammad Ashraf, |
| Date of publication, distribution, etc. | 1966. |
| 300 ## - PHYSICAL DESCRIPTION | |
| Pagination | vi, 153 p. ; |
| Size | 22 cm. |
| 504 ## - BIBLIOGRAPHY, ETC. NOTE | |
| Bibliography, etc | Includes bibliographical references. |
| 650 #0 - SUBJECT ADDED ENTRY--TOPICAL TERM | |
| Topical term or geographic name as entry element | Navigation |
| Geographic subdivision | Islamic Empire. |
| 9 (RLIN) | 217060 |
| 942 ## - ADDED ENTRY ELEMENTS (KOHA) | |
| Source of classification or shelving scheme | Dewey Decimal Classification |
| Koha item type | Books |
| Lost status | Source of classification or shelving scheme | Damaged status | Not for loan | Collection code | Permanent Location | Current Location | Shelving location | Date acquired | Source of acquisition | Cost, normal purchase price | Total Checkouts | Full call number | Date last seen | Copy number | Koha item type |
|---|---|---|---|---|---|---|---|---|---|---|---|---|---|---|---|
| Dewey Decimal Classification | Not For Loan | Non-fiction | Central Library, University of Rajshahi | Central Library, University of Rajshahi | Reading Room | 08/04/1987 | Mirza Book Agency | 12.00 | 629.045 NAA 1966 | 30/05/2017 | C-1 | Books |